000 01701nam a2200457 i 4500
001 35740
003 KOSZ 005
005 20200604082016.0
008 990415s1998 pl a f f |000 0 pol
015 _aPB 1999/20107
020 _a8372420033
035 _a(OCoLC)749311660
040 _aWA N
_cWA N
_dKOSZ 005/HR
041 0 _apol
046 _k1998
080 _a556.3
080 _a624.131
080 _a(075.8)
245 0 0 _aGeologia inżynierska i hydrogeologia.
_nCz. 3,
_pPrzewodnik do ćwiczeń laboratoryjnych : praca zbiorowa /
_cpod red. Marii Plewy ; [zespół aut. Maria Plewa et al.] ; Politechnika Krakowska im. Tadeusza Kościuszki.
260 _aKraków :
_bPK,
_c1998.
300 _a204, [3] s., [1] k. tabl. :
_b2 fot., mapy, rys., wykr. ;
_c24 cm.
336 _2rdacontent
_aTekst
_btxt
337 _2rdamedia
_aBez urządzenia pośredniczącego
_bn
338 _2rdacarrier
_aWolumin
_bnc
380 _aKsiążki
380 _aPublikacje dydaktyczne
385 _mPoziom nauczania
_aSzkoły wyższe
388 _a1901-2000
388 _a1989-2000
500 _aAut. cz. 2: Mieczysław Wacławski. - Na s. 4 okł. błędny ISBN.
504 _aBibliogr. s. 204-[205].
658 _aArchitektura i budownictwo
658 _aGeografia i nauki o Ziemi
655 4 _aPodręczniki akademickie
650 4 _aGeologia inżynierska
650 4 _aHydrogeologia
700 1 _aPlewa, Maria
_d(1930?-2012)
_eRedakcja
710 2 _aPolitechnika Krakowska im. Tadeusza Kościuszki
_bWydawnictwo
_4pbl.
856 _uhttp://koha.tu.koszalin.pl/cgi-bin/koha/opac-detail.pl?biblionumber=35740
_yKatalog online BPK
942 _2UKD
_cKS
999 _c35740
_d35740